Billy Joel Songs by Synonyms - Statistics

General Stats
  • This quiz has been taken 89 times
  • The average score is 9 of 16
Answer Stats
Synonyms Song % Correct
Keyboard Male Piano Man
97%
You and I Have Not Sparked the Flames We Didn't Start the Fire
97%
A Blameless Guy An Innocent Man
84%
Parts from a Roman Cafe Scenes from an Italian Restaurant
75%
Just the Noble Perish Early Only the Good Die Young
73%
A Stream of Visions The River of Dreams
73%
Sleep Well Ho Chi Minh City Goodnight Saigon
71%
Fashionable Female Uptown Girl
55%
A Comedian The Entertainer
53%
Trustworthiness Honesty
52%
Large Blast Big Shot
49%
Taking the Belief Keeping the Faith
49%
Voice So Long to Los Angeles Say Goodbye to Hollywood
45%
Chief Jay Captain Jack
39%
Burden Pressure
23%
Completely of Emotion All About Soul
4%
No matching quizzes found
Score Distribution
Percent of People with Each Score
Percentile by Number Answered
Your Score History
You have not taken this quiz